Random Objects by Picture #7 - Statistics

General Stats
  • This quiz has been taken 12 times
    11 since last reset
  • The average score is 5 of 18
Answer Stats
Picture Answer % Correct
Fox
100%
Super Mario
57%
X as in {foX}
57%
Baby Luigi
29%
Baby Mario
29%
Bengal Tiger
29%
Foal
29%
Lion Cub
29%
Elephant Calf
14%
Giraffe Calf
14%
King Penguin
14%
Kowalski The Penguin
14%
Tiger Cub
14%
Trunk
14%
Tusks
14%
White Elk
14%
X as in {oryX}
14%
Zebra Foal
14%
No matching quizzes found
Score Distribution
Percent of People with Each Score
Percentile by Number Answered
Your Score History
You have not taken this quiz since the last reset